|
|
|
|
| LEADER |
01210nam a2200301 a 4500 |
| 001 |
4785691 |
| 003 |
BD-DhAAL |
| 005 |
20260106150955.0 |
| 008 |
090701s1987 nyua b 001 0 eng d |
| 010 |
|
|
|a 87010512
|
| 020 |
|
|
|a 0442215371 (pbk.)
|
| 040 |
|
|
|a DLC
|c DLC
|d DLC
|d BD-DhAAL
|
| 082 |
0 |
0 |
|a 729
|2 19
|
| 100 |
1 |
|
|a Ching, Frank,
|d 1943-
|9 32164
|
| 245 |
1 |
0 |
|a Interior design illustrated /
|c Francis D.K. Ching.
|
| 260 |
|
|
|a New York :
|b Van Nostrand Reinhold,
|c c1987.
|
| 300 |
|
|
|a 318 pages :
|b illustrations ;
|c 22 x 28 cm.
|
| 504 |
|
|
|a Includes Bibliography (p. 313-314) index.
|
| 526 |
|
|
|a ARC
|
| 541 |
1 |
|
|e 00011902
|
| 650 |
|
0 |
|a Interior architecture.
|9 32165
|
| 650 |
|
0 |
|a Space (Architecture).
|9 32166
|
| 650 |
|
0 |
|a Interior decoration
|x History
|y 20th century.
|9 32167
|
| 852 |
4 |
|
|a Ayesha Abed Library
|j General shelf
|
| 942 |
0 |
0 |
|0 2
|2 ddc
|c BK
|
| 999 |
|
|
|c 1924
|d 1924
|
| 952 |
|
|
|0 0
|1 0
|2 ddc
|4 0
|6 729_CHI_198700000000000
|7 0
|9 1765
|a BRACUL
|b BRACUL
|d 2009-07-01
|g 0.00
|l 11
|m 90
|o 729 CHI
|p 3010011848
|r 2025-11-18
|s 2025-11-06
|t 2
|w 2009-07-01
|y BK
|
| 952 |
|
|
|0 0
|1 0
|2 ddc
|4 0
|6 729_000000000000000_CHI
|7 0
|9 7753
|a BRACUL
|b BRACUL
|d 2010-02-03
|g 390.00
|l 5
|m 39
|o 729 CHI
|p 3010011902
|r 2026-02-18
|s 2025-10-18
|t 1
|w 2010-02-03
|y BK
|